| 000 | 00000nam 2200000zi 4500 |
| 001 | 9.936209 |
| 003 | CaOODSP |
| 005 | 20240402143411 |
| 006 | m o d f |
| 007 | cr |n||||||||| |
| 008 | 240402e198506##oncd o s f|0| 0 fre d |
| 040 | |aCaOODSP|bfre|erda|cCaOODSP |
| 043 | |an-cn--- |
| 086 | 1 |aC23-199/1985F-PDF |
| 245 | 00|aRendement de l'industrie de l'électronique : |brésumé des statistiques, 1984. |
| 264 | 1|aOttawa (Ontario) : |bDivision de l'analyse sectorielle (électronique), Direction générale de l'électronique et de l'aérospatiale, Ministère de l'Expansion industrielle régionale, |cjuin 1985. |
| 300 | |a1 ressource en ligne (68 pages) : |bgraphiques |
| 336 | |atexte|btxt|2rdacontent/fre |
| 337 | |ainformatique|bc|2rdamedia/fre |
| 338 | |aressource en ligne|bcr|2rdacarrier/fre |
| 500 | |aPublié aussi en anglais sous le titre : Electronics industry performance: statistical summary, 1984. |
| 500 | |aÉdition numérisée de l'imprimé [par Innovation, Sciences et Développement économique Canada]. |
| 650 | 6|aIndustries électroniques|zCanada|vStatistiques. |
| 655 | 7|aStatistiques|2rvmgf |
| 710 | 1 |aCanada. |bMinistère de l'expansion industrielle régionale, |eorganisme de publication. |
| 775 | 08|tElectronics industry performance : |w(CaOODSP)9.896858 |
| 856 | 40|qPDF|s1.34 Mo|uhttps://publications.gc.ca/collections/collection_2024/isde-ised/c23/C23-199-1985-fra.pdf |